[Event "CAN-op"]
[Site "Edmonton CAN"]
[Date "2000.07.09"]
[Round "3"]
[White "Planas, Rodolfo"]
[Black "Nathani, Kaleim"]
[Result "1-0"]
[WhiteElo "1641"]
[BlackElo "1963"]
[PlyCount "91"]
[GameId "2160767911678114"]
[EventDate "2000.07.08"]
[EventType "swiss"]
[EventRounds "10"]
[EventCountry "CAN"]

1. e4 d5 2. c3 dxe4 3. Qa4+ Nc6 4. Qxe4 Nf6 5. Qc2 e5 6. d3 Bf5 7. Bg5 Be7 8. Nd2 Qd7 9. f3 O-O-O 10. Ne4 Nd5 11. Bd2 Nf4 12. Bxf4 exf4 13. O-O-O Be6 14. Qa4 f5 15. Nf2 Bc5 16. d4 Bb6 17. Ngh3 Qe7 18. Bb5 Qd6 19. Rhe1 h6 20. Nd3 g5 21. Nhf2 Ne7 22. Nb4 a5 23. Nc2 c6 24. Bf1 Nd5 25. Nd3 Rhe8 26. Ne5 Bg8 27. Nc4 Qc7 28. Nxb6+ Qxb6 29. Bd3 Be6 30. Re5 Bd7 31. Rde1 Rxe5 32. Rxe5 Rf8 33. a3 g4 34. Bc4 Qc7 35. Qb3 gxf3 36. gxf3 Kb8 37. Kb1 Nb6 38. Bd3 Nd5 39. c4 Nb6 40. Qc3 a4 41. Qd2 c5 42. Rxc5 Bc6 43. Bxf5 Nxc4 44. Qb4 Nd6 45. Be6 Qe7 46. Rxc6 1-0

[Event "CAN-op"]
[Site "Edmonton CAN"]
[Date "2000.07.09"]
[Round "3"]
[White "Porubszki, Georg"]
[Black "McKay, Tom"]
[Result "1/2-1/2"]
[WhiteElo "2042"]
[BlackElo "1689"]
[PlyCount "138"]
[GameId "2160767911678115"]
[EventDate "2000.07.08"]
[EventType "swiss"]
[EventRounds "10"]
[EventCountry "CAN"]

1. g3 Nf6 2. Bg2 g6 3. d3 Bg7 4. c3 d5 5. Nf3 O-O 6. O-O c6 7. Qc2 Nbd7 8. e4 e5 9. b4 a6 10. a4 Re8 11. Re1 Qc7 12. Bg5 h6 13. Be3 Ng4 14. Nbd2 Nxe3 15. Rxe3 Nf6 16. Ree1 Be6 17. Nxe5 dxe4 18. d4 Bf5 19. Qb3 Nd5 20. Nec4 b5 21. Ne3 Nxe3 22. Rxe3 Be6 23. Qc2 f5 24. a5 h5 25. Rae1 Bh6 26. f4 Qf7 27. h4 Bd5 28. Bf1 Bg7 29. Kh2 Kh7 30. Rb1 Re7 31. Nb3 Bxb3 32. Qxb3 Qxb3 33. Rxb3 Raa7 34. Rb1 Red7 35. Be2 Bf6 36. Bd1 Kg7 37. Bb3 Rac7 38. Rd1 Rd6 39. Kg2 Rcd7 40. Kf2 Kf8 41. Ke2 Ke7 42. Kd2 Kd8 43. Kc2 Kc7 44. Re2 Re7 45. d5 Rg7 46. c4 cxd5 47. cxd5 Kd8 48. Re3 Rc7+ 49. Kb1 Rc3 50. Rde1 Rxe3 51. Rxe3 Bd4 52. Re2 Bc3 53. Kc1 Bxb4 54. Ra2 Be1 55. Rg2 Bxa5 56. Kd1 Bb6 57. Rc2 Ke7 58. Ke2 a5 59. Rc8 Bd8 60. Rb8 b4 61. Rb7+ Rd7 62. Rb8 Rd6 63. Rb7+ Kf6 64. Rb8 Rd7 65. Ra8 Ke7 66. Ra6 Rd6 67. Ra7+ Rd7 68. Ra6 Rd6 69. Ra7+ Rd7 1/2-1/2

[Event "CAN-op"]
[Site "Edmonton CAN"]
[Date "2000.07.09"]
[Round "3"]
[White "Predescu, Sebastian"]
[Black "Weis, Rod"]
[Result "1-0"]
[WhiteElo "2076"]
[BlackElo "1858"]
[PlyCount "57"]
[GameId "2160767911678116"]
[EventDate "2000.07.08"]
[EventType "swiss"]
[EventRounds "10"]
[EventCountry "CAN"]

1. d4 d5 2. Nf3 Nf6 3. Bf4 c6 4. e3 Bf5 5. c4 Bxb1 6. Rxb1 e6 7. a3 Be7 8. Bd3 Nbd7 9. O-O O-O 10. c5 Ne4 11. Bxe4 dxe4 12. Nd2 f5 13. Qb3 g5 14. Qxe6+ Kh8 15. Be5+ Nxe5 16. Qxe5+ Kg8 17. Qe6+ Kh8 18. b4 Rf6 19. Qb3 Qc7 20. a4 Rh6 21. g3 g4 22. Rfd1 Rf8 23. Nf1 Rff6 24. d5 cxd5 25. Qxd5 Qc8 26. Qd7 Qf8 27. Qxb7 Qf7 28. Rd7 Re6 29. c6 1-0

[Event "CAN-op"]
[Site "Edmonton CAN"]
[Date "2000.07.09"]
[Round "3"]
[White "Quiring, John"]
[Black "Jiganchine, Roman"]
[Result "0-1"]
[WhiteElo "1977"]
[BlackElo "2199"]
[PlyCount "70"]
[GameId "2160767911678117"]
[EventDate "2000.07.08"]
[EventType "swiss"]
[EventRounds "10"]
[EventCountry "CAN"]

1. Nf3 Nf6 2. c4 c6 3. d4 d5 4. e3 Bf5 5. Nc3 e6 6. Bd2 Nbd7 7. h3 Be7 8. Nh4 Bg6 9. Nxg6 hxg6 10. Bd3 O-O 11. b3 Re8 12. O-O Rc8 13. Rc1 Bf8 14. e4 dxe4 15. Nxe4 Nxe4 16. Bxe4 Nf6 17. Bg5 Qa5 18. Bxf6 gxf6 19. Qc2 Kg7 20. Rcd1 Bd6 21. Rd3 Rh8 22. Rfd1 Qg5 23. Rf3 Rh4 24. Qe2 Rch8 25. Kf1 f5 26. Bb1 Rg4 27. Qe3 f4 28. Qe4 Rxg2 29. d5 Rg1+ 30. Ke2 Rxd1 31. Kxd1 cxd5 32. Qd4+ Be5 33. Qxa7 dxc4 34. Qxb7 Rd8+ 35. Ke2 Qg1 0-1

[Event "CAN-op"]
[Site "Edmonton CAN"]
[Date "2000.07.09"]
[Round "3"]
[White "Ramaswamy, Kiran"]
[Black "Taylor, William"]
[Result "1-0"]
[WhiteElo "1749"]
[BlackElo "2022"]
[PlyCount "65"]
[GameId "2160767911678118"]
[EventDate "2000.07.08"]
[EventType "swiss"]
[EventRounds "10"]
[EventCountry "CAN"]

1. e4 Nf6 2. Nc3 d6 3. f4 e5 4. fxe5 dxe5 5. Bc4 Qd4 6. d3 Bc5 7. Qe2 Bg4 8. Nf3 Bxf3 9. Qxf3 c6 10. Bg5 Nbd7 11. g4 h6 12. Bxf6 Nxf6 13. Ke2 b5 14. Bb3 Qd7 15. Raf1 Rf8 16. h3 a5 17. a4 b4 18. Nd1 O-O-O 19. Ne3 Bxe3 20. Qxe3 Qd4 21. Qxd4 Rxd4 22. Rf5 Re8 23. Bxf7 Re7 24. Bb3 Kc7 25. Rg1 Rd6 26. g5 Nh5 27. gxh6 Nf4+ 28. Rxf4 exf4 29. hxg7 Rd8 30. g8=Q Rxg8 31. Rxg8 Rh7 32. Be6 Kd6 33. Bg4 1-0

[Event "CAN-op"]
[Site "Edmonton CAN"]
[Date "2000.07.09"]
[Round "3"]
[White "Robertson, Trevor"]
[Black "Dean, Tim"]
[Result "0-1"]
[WhiteElo "1266"]
[BlackElo "1853"]
[PlyCount "88"]
[GameId "2160767911678119"]
[EventDate "2000.07.08"]
[EventType "swiss"]
[EventRounds "10"]
[EventCountry "CAN"]

1. d4 Nf6 2. c4 e5 3. d5 Bc5 4. Nc3 d6 5. Bg5 Bxf2+ 6. Kd2 h6 7. Bxf6 gxf6 8. Nf3 f5 9. Kc2 a5 10. a3 f4 11. Ne4 Bf5 12. Qd3 Bh7 13. g4 Na6 14. Nfd2 Nc5 15. Qf3 Be3 16. Kd1 Bxe4 17. Nxe4 Nb3 18. Ra2 Nd4 19. Qh3 Qe7 20. Bg2 O-O-O 21. b4 Qd7 22. g5 hxg5 23. Qxd7+ Kxd7 24. Nxg5 Rdg8 25. h4 f6 26. Bh3+ Ke7 27. Ne6 Rxh4 28. Nxd4 exd4 29. Kc2 Rgh8 30. bxa5 Rxh3 31. Rb1 Ra8 32. Rxb7 Kd7 33. Rb5 Rh2 34. Kd3 f3 35. c5 dxc5 36. Rxc5 f2 37. Ra1 Rg8 38. Rb1 Rg1 39. Rb7 Rd1+ 40. Ke4 Rh4+ 41. Kf5 f1=Q+ 42. Kg6 Qg2+ 43. Kf7 Rh7+ 44. Kxf6 Qg5# 0-1

[Event "CAN-op"]
[Site "Edmonton CAN"]
[Date "2000.07.09"]
[Round "3"]
[White "Schulte, Oliver"]
[Black "Schmitz, Andreas"]
[Result "1-0"]
[WhiteElo "2392"]
[BlackElo "2140"]
[PlyCount "65"]
[GameId "2160767911678121"]
[EventDate "2000.07.08"]
[EventType "swiss"]
[EventRounds "10"]
[EventCountry "CAN"]
[SourceTitle "EXT 2001"]
[Source "ChessBase"]
[SourceDate "2000.11.22"]
[SourceVersion "1"]
[SourceVersionDate "2000.11.22"]
[SourceQuality "1"]

1. e4 e6 2. Nf3 d5 3. Nc3 Nf6 4. e5 Ne4 5. Ne2 Bc5 6. d4 Be7 7. Ng3 c5 8. Bd3 f5 9. exf6 Nxf6 10. c3 O-O 11. O-O Nc6 12. Re1 Qb6 13. a3 cxd4 14. cxd4 Bd6 15. b4 Kh8 16. Bc2 a5 17. bxa5 Rxa5 18. Rb1 Qc7 19. Qd3 b6 20. Bb2 Ba6 21. Qc3 Qd7 22. Ng5 e5 23. Bf5 Qb7 24. dxe5 d4 25. Qf3 Nxe5 26. Qxb7 Bxb7 27. Bxd4 Nc4 28. Ne6 Re8 29. Bd3 Bd5 30. Nxg7 Be5 31. Nxe8 Bxd4 32. Nxf6 Bxf6 33. Nh5 1-0

[Event "CAN-op"]
[Site "Edmonton CAN"]
[Date "2000.07.09"]
[Round "3"]
[White "Soerensen, Lyndon"]
[Black "Allan, Phillip"]
[Result "1/2-1/2"]
[WhiteElo "1742"]
[BlackElo "2037"]
[PlyCount "48"]
[GameId "2160767911678122"]
[EventDate "2000.07.08"]
[EventType "swiss"]
[EventRounds "10"]
[EventCountry "CAN"]

1. d4 Nf6 2. Nc3 d5 3. Bg5 Nbd7 4. Nf3 h6 5. Bf4 c6 6. h3 Qa5 7. Bd2 Qc7 8. e3 e6 9. a3 a6 10. Bd3 c5 11. dxc5 Nxc5 12. Qe2 Bd7 13. e4 dxe4 14. Nxe4 Nxd3+ 15. Qxd3 O-O-O 16. Nxf6 gxf6 17. Qc3 e5 18. Qxc7+ Kxc7 19. Bc3 Bc5 20. Nh4 h5 21. Rd1 Be6 22. Rd2 Rxd2 23. Bxd2 Rd8 24. Be3 Bf8 1/2-1/2

[Event "CAN-op"]
[Site "Edmonton CAN"]
[Date "2000.07.09"]
[Round "3"]
[White "Stringer, Lynn"]
[Black "Martin, Steve"]
[Result "0-1"]
[WhiteElo "1656"]
[BlackElo "1266"]
[PlyCount "112"]
[GameId "2160767911678123"]
[EventDate "2000.07.08"]
[EventType "swiss"]
[EventRounds "10"]
[EventCountry "CAN"]

1. d4 Nf6 2. Bg5 e6 3. Nf3 d5 4. e3 Be7 5. Bd3 h6 6. Bh4 O-O 7. O-O Nbd7 8. c3 c5 9. Nbd2 c4 10. Bc2 b5 11. b3 Nb6 12. Re1 Bb7 13. Ne5 g5 14. Bg3 Ne4 15. Ng4 Kg7 16. f3 Nxg3 17. hxg3 f5 18. Ne5 Qc7 19. f4 g4 20. Nxg4 h5 21. Ne5 Rh8 22. Kf2 Rh6 23. Rh1 Rah8 24. Rh3 cxb3 25. axb3 a6 26. Qe2 Bf6 27. Rah1 h4 28. g4 Bxe5 29. dxe5 Qxc3 30. Nf3 fxg4 31. Nd4 gxh3 32. Qg4+ Kf7 33. Rxh3 Qd2+ 34. Kg1 Qe1+ 35. Kh2 Rg8 36. Qf3 Rg3 37. Qe2 Rxh3+ 38. gxh3 Qxe2+ 39. Nxe2 Rh8 40. Nd4 Bc8 41. Kg2 Bd7 42. Bd1 Rg8+ 43. Bg4 b4 44. Kf2 a5 45. Nc2 Rc8 46. Bd1 Bb5 47. Nd4 Bd7 48. Nf3 Rh8 49. Nd4 a4 50. bxa4 Bxa4 51. Bxa4 Nxa4 52. Kf3 Nc5 53. Ne2 b3 54. Nc3 b2 55. Ke2 Ne4 56. Nb1 Rc8 0-1

[Event "CAN-op"]
[Site "Edmonton CAN"]
[Date "2000.07.09"]
[Round "3"]
[White "Strub, Michael"]
[Black "Nguyen, Kim"]
[Result "1/2-1/2"]
[WhiteElo "1579"]
[BlackElo "2043"]
[PlyCount "174"]
[GameId "2160767911678124"]
[EventDate "2000.07.08"]
[EventType "swiss"]
[EventRounds "10"]
[EventCountry "CAN"]

1. d4 d5 2. c4 e6 3. Nc3 Be7 4. Nf3 Nf6 5. Bg5 O-O 6. e3 h6 7. Bh4 b6 8. cxd5 Nxd5 9. Bxe7 Qxe7 10. Bd3 Bb7 11. O-O c5 12. dxc5 Nxc3 13. bxc3 Qxc5 14. c4 Nc6 15. Rc1 Rfd8 16. Qe2 Na5 17. Nd4 Rac8 18. Rc3 Nc6 19. Nb3 Qe5 20. Rfc1 Nb4 21. Bb1 Nd5 22. R3c2 Nf6 23. c5 Be4 24. Rd2 Bxb1 25. Rxb1 Ne4 26. Rxd8+ Rxd8 27. Qa6 Nxc5 28. Nxc5 Qxc5 29. Qxa7 Qb5 30. Rf1 Rd2 31. Qa8+ Kh7 32. Qb7 Kg6 33. Qe4+ Kf6 34. Qf4+ Ke7 35. Qc7+ Rd7 36. Qc3 f6 37. a3 Qc5 38. Qxc5+ bxc5 39. Rc1 Rd3 40. Kf1 Kd6 41. Ra1 Kc6 42. Ke2 Rb3 43. Ra2 Kb6 44. Kd2 c4 45. Kc2 Ka5 46. a4 e5 47. e4 g6 48. Kd2 f5 49. f3 fxe4 50. fxe4 Rd3+ 51. Ke2 g5 52. g3 h5 53. Kf2 Rb3 54. Ke2 Rb4 55. Kd2 Rxa4 56. Rb2 Rb4 57. Rc2 Kb5 58. Ke2 c3 59. Rxc3 Rb2+ 60. Kf1 Rxh2 61. Rc8 g4 62. Re8 Kc6 63. Rxe5 Kd6 64. Rf5 Ke6 65. Kg1 Rh3 66. Kg2 h4 67. gxh4 Re3 68. Rf4 Ke5 69. Rxg4 Rxe4 70. Rg5+ Kf6 71. Kg3 Re5 72. Rg4 Rh5 73. Rf4+ Kg6 74. Kg4 Kh6 75. Rf6+ Kg7 76. Re6 Rh6 77. Re7+ Kf6 78. Rb7 Kg6 79. Rb5 Kg7 80. h5 Rf6 81. Kg5 Rf7 82. h6+ Kh7 83. Rb6 Ra7 84. Rb5 Rf7 85. Re5 Ra7 86. Rf5 Rb7 87. Kh5 Ra7 1/2-1/2

[Event "CAN-op"]
[Site "Edmonton CAN"]
[Date "2000.07.09"]
[Round "3"]
[White "Sullivan, Brian"]
[Black "Olson, Hans"]
[Result "0-1"]
[WhiteElo "1746"]
[BlackElo "2044"]
[PlyCount "58"]
[GameId "2160767911678125"]
[EventDate "2000.07.08"]
[EventType "swiss"]
[EventRounds "10"]
[EventCountry "CAN"]

1. e4 e5 2. Nf3 Nc6 3. d4 exd4 4. Nxd4 Nf6 5. Nxc6 bxc6 6. Bd3 Bc5 7. O-O O-O 8. Bg5 h6 9. Bh4 g5 10. Bg3 d6 11. Kh1 Re8 12. Nc3 Rb8 13. f3 Nh5 14. Na4 Nxg3+ 15. hxg3 Bd4 16. c3 Be5 17. Qe1 Bg7 18. f4 f5 19. Qf2 fxe4 20. Bc2 Rb5 21. Bb3+ Kh8 22. Rad1 Bg4 23. Qe3 Bxd1 24. Rxd1 gxf4 25. gxf4 Qh4+ 26. Kg1 Rf5 27. g3 Qh3 28. Rd2 Rh5 29. Qe2 Qh1+ 0-1

[Event "CAN-op"]
[Site "Edmonton CAN"]
[Date "2000.07.09"]
[Round "3"]
[White "Tassone, Adam"]
[Black "Stone, Gerald"]
[Result "1-0"]
[WhiteElo "1258"]
[BlackElo "1501"]
[PlyCount "57"]
[GameId "2160767911678126"]
[EventDate "2000.07.08"]
[EventType "swiss"]
[EventRounds "10"]
[EventCountry "CAN"]

1. e4 e5 2. Nf3 d6 3. d4 Bg4 4. dxe5 Nd7 5. exd6 Bxd6 6. Be2 Bxf3 7. Bxf3 Ne5 8. Bf4 Nxf3+ 9. Qxf3 Bxf4 10. Qxf4 Ne7 11. Nc3 c6 12. O-O O-O 13. Rfd1 Qb6 14. Rab1 Ng6 15. Qg3 Rfe8 16. Kh1 h5 17. f4 h4 18. Qg4 Qc7 19. f5 Ne5 20. Qxh4 f6 21. Ne2 Kf7 22. Nd4 Rh8 23. Qg3 Rag8 24. Nf3 g5 25. Nxe5+ fxe5 26. Qb3+ Kg7 27. Qe6 Rd8 28. Qg6+ Kf8 29. Qf6+ 1-0

[Event "CAN-op"]
[Site "Edmonton CAN"]
[Date "2000.07.09"]
[Round "3"]
[White "Tessier, Olivier"]
[Black "Daku, Zoltan"]
[Result "1-0"]
[WhiteElo "2001"]
[BlackElo "1717"]
[PlyCount "41"]
[GameId "2160767911678127"]
[EventDate "2000.07.08"]
[EventType "swiss"]
[EventRounds "10"]
[EventCountry "CAN"]

1. c4 g6 2. Nc3 Bg7 3. d4 Nf6 4. e4 d6 5. Be2 e5 6. d5 O-O 7. Bg5 h6 8. Be3 Nh7 9. Qd2 g5 10. O-O-O f5 11. exf5 Bxf5 12. g4 Bg6 13. h4 Bf6 14. hxg5 Bxg5 15. Nf3 Nd7 16. Nxg5 hxg5 17. Rh6 Kg7 18. Rdh1 Rh8 19. Bxg5 Qxg5 20. Rxh7+ Rxh7 21. Rxh7+ 1-0

[Event "CAN-op"]
[Site "Edmonton CAN"]
[Date "2000.07.09"]
[Round "3"]
[White "Thimm, Harald"]
[Black "Sekuloff, Mike"]
[Result "1/2-1/2"]
[WhiteElo "2016"]
[BlackElo "1725"]
[PlyCount "42"]
[GameId "2160767911678128"]
[EventDate "2000.07.08"]
[EventType "swiss"]
[EventRounds "10"]
[EventCountry "CAN"]

1. d4 d5 2. c4 Nf6 3. Nc3 e6 4. Nf3 c5 5. Bg5 Nc6 6. e3 Be7 7. cxd5 Nxd5 8. Bxe7 Qxe7 9. Be2 O-O 10. O-O Rd8 11. Nxd5 Rxd5 12. Qa4 Bd7 13. dxc5 Rxc5 14. Qa3 Rc2 15. Qxe7 Nxe7 16. Nd4 Rxb2 17. Rfb1 Rxb1+ 18. Rxb1 b6 19. Rc1 Rc8 20. Rxc8+ Nxc8 21. Nb5 Bxb5 1/2-1/2

[Event "CAN-op"]
[Site "Edmonton CAN"]
[Date "2000.07.09"]
[Round "3"]
[White "Tsui, Edwin"]
[Black "Chiba, James"]
[Result "1/2-1/2"]
[WhiteElo "1548"]
[BlackElo "1750"]
[PlyCount "61"]
[GameId "2160767911678129"]
[EventDate "2000.07.08"]
[EventType "swiss"]
[EventRounds "10"]
[EventCountry "CAN"]

1. e4 c5 2. c4 d6 3. Nc3 Nf6 4. d3 g6 5. h3 Bg7 6. Nge2 O-O 7. g4 Nc6 8. Bg2 a6 9. O-O Rb8 10. a4 Nb4 11. f4 Bd7 12. Ng3 b5 13. f5 Qc7 14. Bf4 bxc4 15. dxc4 Nc6 16. g5 Ne8 17. Nd5 Qc8 18. Bd2 Rxb2 19. f6 exf6 20. gxf6 Nxf6 21. Nxf6+ Bxf6 22. Rxf6 Bxh3 23. Qc1 Rb3 24. Rf3 Nd4 25. Rxb3 Nxb3 26. Qc3 Nd4 27. Re1 Qg4 28. Bxh3 Qxh3 29. Re3 f6 30. Ne2 Qg4+ 31. Kf2 1/2-1/2

[Event "CAN-op"]
[Site "Edmonton CAN"]
[Date "2000.07.09"]
[Round "3"]
[White "Tyomkin, Dimitri"]
[Black "Xu, Sheng Jun"]
[Result "1-0"]
[WhiteElo "2522"]
[BlackElo "2076"]
[PlyCount "97"]
[GameId "2160767911678130"]
[EventDate "2000.07.08"]
[EventType "swiss"]
[EventRounds "10"]
[EventCountry "CAN"]
[SourceTitle "EXT 2001"]
[Source "ChessBase"]
[SourceDate "2000.11.22"]
[SourceVersion "1"]
[SourceVersionDate "2000.11.22"]
[SourceQuality "1"]

1. d4 Nf6 2. c4 g6 3. Nc3 Bg7 4. e4 d6 5. h3 O-O 6. Bg5 Na6 7. Bd3 c5 8. d5 Nc7 9. Nf3 Rb8 10. O-O a6 11. a4 b6 12. Re1 Nd7 13. Qd2 Re8 14. Nh2 Ne5 15. Bf1 f6 16. Be3 Bd7 17. f4 Nf7 18. b3 b5 19. Ra2 bxa4 20. bxa4 e5 21. dxe6 Bxe6 22. Nf3 f5 23. exf5 gxf5 24. Nd5 Nxd5 25. cxd5 Bc8 26. Bf2 Bf6 27. Rxe8+ Qxe8 28. Bd3 Rb4 29. Bc2 Bd7 30. Ra3 Rb2 31. Qd1 Qd8 32. Kh2 Nh8 33. Nd2 Rb4 34. Qh5 Qe8 35. Rg3+ Bg7 36. Qf3 Ng6 37. Be3 Qf7 38. a5 Ba4 39. Bxa4 Rxa4 40. Qd1 Rb4 41. Qe2 Nxf4 42. Bxf4 Rxf4 43. Qxa6 Qf8 44. Nc4 Rd4 45. Nxd6 Kh8 46. Qb7 Ra4 47. Nf7+ Kg8 48. Nh6+ Kh8 49. Rxg7 1-0

[Event "CAN-op"]
[Site "Edmonton CAN"]
[Date "2000.07.09"]
[Round "3"]
[White "Vigier, Gerry"]
[Black "Hacatoglu, Kevork"]
[Result "0-1"]
[WhiteElo "2043"]
[BlackElo "2209"]
[PlyCount "46"]
[GameId "2160767911678131"]
[EventDate "2000.07.08"]
[EventType "swiss"]
[EventRounds "10"]
[EventCountry "CAN"]

1. c4 b6 2. Nc3 c5 3. Nf3 Bb7 4. g3 Nf6 5. Bg2 e6 6. O-O Be7 7. d4 cxd4 8. Nxd4 Qc8 9. Bxb7 Qxb7 10. b3 a6 11. Bb2 O-O 12. Qd3 d6 13. Qf3 Qxf3 14. Nxf3 Nc6 15. Rfd1 Rfd8 16. Rd2 Rab8 17. Nd4 Nxd4 18. Rxd4 Nd7 19. Ne4 b5 20. Nxd6 Nc5 21. Rad1 Bf6 22. R4d2 Bxb2 23. Rxb2 bxc4 0-1

[Event "CAN-op"]
[Site "Edmonton CAN"]
[Date "2000.07.09"]
[Round "3"]
[White "Ward, Hilton"]
[Black "Deimert, Elroy"]
[Result "0-1"]
[WhiteElo "1369"]
[BlackElo "1713"]
[PlyCount "58"]
[GameId "2160767911686324"]
[EventDate "2000.07.08"]
[EventType "swiss"]
[EventRounds "10"]
[EventCountry "CAN"]

1. e4 e5 2. f4 exf4 3. Nf3 d5 4. exd5 Nf6 5. Bc4 Nxd5 6. O-O Nc6 7. Nc3 Nxc3 8. Bxf7+ Kxf7 9. bxc3 Bd6 10. d4 Rf8 11. Ne5+ Nxe5 12. Qh5+ Kg8 13. dxe5 Rf5 14. Qf3 Bxe5 15. Bxf4 Rxf4 16. Qe3 Rxf1+ 17. Rxf1 Qe7 18. Re1 Bxh2+ 19. Kxh2 Qxe3 20. Rxe3 Bf5 21. Re7 Rc8 22. Kg3 Bxc2 23. Kf4 Kf8 24. Rd7 Bg6 25. Ke5 Be8 26. Rd2 Kg8 27. Ke6 h5 28. Ke7 Bc6 29. g3 Re8# 0-1

[Event "CAN-op"]
[Site "Edmonton CAN"]
[Date "2000.07.09"]
[Round "3"]
[White "Winberg, Jim"]
[Black "Tuason, Alfred"]
[Result "1-0"]
[WhiteElo "1750"]
[BlackElo "1558"]
[PlyCount "95"]
[GameId "2160767911686326"]
[EventDate "2000.07.08"]
[EventType "swiss"]
[EventRounds "10"]
[EventCountry "CAN"]

1. e4 g6 2. d4 Bg7 3. Nc3 d6 4. Bc4 Nf6 5. Qe2 a6 6. a4 O-O 7. e5 dxe5 8. dxe5 Nfd7 9. e6 Bxc3+ 10. bxc3 fxe6 11. Bh6 Nf6 12. Bxf8 Kxf8 13. Bxe6 Bxe6 14. Qxe6 Qd6 15. Qc8+ Kf7 16. Qxb7 Qc6 17. Qxc6 Nxc6 18. Nf3 Rb8 19. O-O Rb2 20. Nd4 Nxd4 21. cxd4 Rxc2 22. Rac1 Rd2 23. Rxc7 Rxd4 24. Ra7 Rd6 25. f3 Nd5 26. a5 Nc3 27. Re1 Nd5 28. Rb1 h5 29. Rbb7 Rc6 30. Rb1 Nc3 31. Rb6 Ne2+ 32. Kf1 Rc2 33. Raxa6 Nf4 34. g3 Rc1+ 35. Kf2 Rc2+ 36. Ke1 Nd5 37. Rxg6 Nf6 38. Rg5 Rxh2 39. Ra8 Rh1+ 40. Ke2 Rh2+ 41. Ke3 Ra2 42. a6 Ra3+ 43. Kf2 Nd7 44. Rxh5 Ra2+ 45. Kf1 Nb6 46. Ra7 Nc4 47. Rh7+ Kf6 48. Rhxe7 1-0

[Event "CAN-op"]
[Site "Edmonton CAN"]
[Date "2000.07.09"]
[Round "3"]
[White "Xia, Yanchong"]
[Black "Marghetis, Aris"]
[Result "1/2-1/2"]
[WhiteElo "1731"]
[BlackElo "2009"]
[PlyCount "139"]
[GameId "2160767911686327"]
[EventDate "2000.07.08"]
[EventType "swiss"]
[EventRounds "10"]
[EventCountry "CAN"]

1. e4 d6 2. d4 Nf6 3. Nc3 g6 4. g3 Bg7 5. Bg2 O-O 6. Nf3 c6 7. O-O Qc7 8. Re1 Nbd7 9. h3 e5 10. Be3 h6 11. Qd2 Kh7 12. Rad1 a6 13. dxe5 Nxe5 14. Nxe5 dxe5 15. Na4 Be6 16. Bb6 Qc8 17. Nc5 Bxh3 18. Qd3 Bxg2 19. Kxg2 Re8 20. Rd2 Bf8 21. Qf3 Kg7 22. Red1 Bxc5 23. Bxc5 Re6 24. Bb6 Qf8 25. c3 a5 26. Rd3 c5 27. Rd8 Rxd8 28. Bxd8 b6 29. Qd3 Qe8 30. f3 Qa4 31. a3 c4 32. Qe2 Qc6 33. Qe3 h5 34. Qg5 Rd6 35. Bxf6+ Rxf6 36. Qxe5 Qe6 37. Qxe6 Rxe6 38. Rd5 Kf6 39. Kf2 Re5 40. Rd6+ Re6 41. Rd5 g5 42. Ke3 Kg6 43. f4 gxf4+ 44. gxf4 Rc6 45. Kf3 f6 46. Kg3 Rc8 47. Rd6 Rg8 48. Kh4 b5 49. e5 Rf8 50. e6 Kf5 51. Rd5+ Kxf4 52. Rxb5 Re8 53. Rc5 Rxe6 54. Rxc4+ Ke3 55. Kxh5 Re5+ 56. Kg4 f5+ 57. Kg3 Re4 58. Rc5 f4+ 59. Kg2 Ke2 60. Rf5 a4 61. Rf8 Ke3 62. Kf1 Kf3 63. Rd8 Ke3 64. Rd1 Rc4 65. Re1+ Kf3 66. Re2 Rc8 67. Rf2+ Ke3 68. Re2+ Kd3 69. Kf2 Rh8 70. Re7 1/2-1/2

[Event "CAN-op"]
[Site "Edmonton CAN"]
[Date "2000.07.09"]
[Round "3"]
[White "Yamach, Ahmet"]
[Black "Caron, Harvey"]
[Result "1-0"]
[WhiteElo "1771"]
[BlackElo "1736"]
[PlyCount "97"]
[GameId "2160767911686328"]
[EventDate "2000.07.08"]
[EventType "swiss"]
[EventRounds "10"]
[EventCountry "CAN"]

1. c4 Nf6 2. Nf3 g6 3. g3 Bg7 4. Bg2 d6 5. Nc3 c5 6. O-O O-O 7. d3 Nc6 8. Bg5 h6 9. Bd2 a6 10. Qc1 Kh7 11. Ne1 e6 12. e3 Bd7 13. Ne2 e5 14. Nc3 Ne7 15. Bxb7 Bh3 16. Bg2 Bxg2 17. Nxg2 d5 18. cxd5 Nexd5 19. Ne4 Nxe4 20. dxe4 Nf6 21. f3 Qb6 22. Bc3 Ne8 23. Qc2 Nd6 24. Rfd1 Nb5 25. Rd5 Nxc3 26. Qxc3 Rac8 27. Rad1 Rc6 28. Ne1 c4 29. Nc2 Rb8 30. Rb1 Kh8 31. Kg2 f5 32. exf5 e4 33. Nd4 exf3+ 34. Kxf3 gxf5 35. Rxf5 Qb7 36. Kf2 Qe7 37. Nxc6 Bxc3 38. Nxe7 Rb7 39. Nd5 Bxb2 40. Ke2 Rb5 41. e4 Kg7 42. Kd1 c3 43. Kc2 Ra5 44. Nxc3 Bxc3 45. Kxc3 Rxa2 46. Rb2 Ra3+ 47. Kd2 a5 48. Rf1 Kg6 49. e5 1-0

[Event "CAN-op"]
[Site "Edmonton CAN"]
[Date "2000.07.10"]
[Round "3"]
[White "Gardner, Robert"]
[Black "Newton, Geoff"]
[Result "1-0"]
[WhiteElo "2285"]
[BlackElo "2044"]
[PlyCount "57"]
[GameId "2160767911686329"]
[EventDate "2000.07.08"]
[EventType "swiss"]
[EventRounds "10"]
[EventCountry "CAN"]

1. e4 Nf6 2. e5 Nd5 3. c4 Nb6 4. d4 d6 5. exd6 exd6 6. Be3 Be7 7. Bd3 Nc6 8. Nd2 Bf6 9. Ne2 Qe7 10. Ne4 Bg4 11. Nxf6+ Qxf6 12. O-O O-O 13. Qd2 h6 14. Ng3 Ne7 15. f3 Bf5 16. Ne4 Qg6 17. d5 Nd7 18. b3 Ne5 19. Bc2 h5 20. Kh1 Kh8 21. Bd4 f6 22. Rae1 b6 23. f4 Ng4 24. Ng3 Bxc2 25. Rxe7 h4 26. f5 Qh7 27. Qxc2 Nxh2 28. Kxh2 hxg3+ 29. Kxg3 1-0

[Event "CAN-op"]
[Site "Edmonton CAN"]
[Date "2000.07.10"]
[Round "4"]
[White "Alderton, Peter"]
[Black "Long, Hugh"]
[Result "0-1"]
[WhiteElo "1585"]
[BlackElo "1928"]
[PlyCount "75"]
[GameId "2160767911686332"]
[EventDate "2000.07.08"]
[EventType "swiss"]
[EventRounds "10"]
[EventCountry "CAN"]

1. e4 d5 2. exd5 Nf6 3. d4 Nxd5 4. Nf3 Bg4 5. c4 Nf6 6. Be2 e6 7. Nc3 Bb4 8. O-O Nc6 9. a3 Bxc3 10. bxc3 h6 11. a4 O-O 12. h3 Bh5 13. Nh2 Bxe2 14. Qxe2 Re8 15. Ng4 Nxg4 16. Qxg4 Qf6 17. Be3 Ne7 18. Rab1 b6 19. Rfe1 Nf5 20. Bf4 g5 21. Bxc7 Rac8 22. Be5 Qg6 23. c5 bxc5 24. Rb7 h5 25. Qe4 f6 26. Bd6 cxd4 27. cxd4 g4 28. h4 Qh6 29. Bf4 Qg6 30. Rxa7 Nxh4 31. Qxg6+ Nxg6 32. Bh6 Re7 33. Rxe7 Nxe7 34. Rxe6 Kf7 35. Ra6 Nf5 36. Be3 Nxe3 37. fxe3 g3 38. e4 0-1

[Event "CAN-op"]
[Site "Edmonton CAN"]
[Date "2000.07.10"]
[Round "4"]
[White "Alipour, Iraj"]
[Black "Clark, Alan"]
[Result "0-1"]
[WhiteElo "1579"]
[BlackElo "2003"]
[PlyCount "56"]
[GameId "2160767911686333"]
[EventDate "2000.07.08"]
[EventType "swiss"]
[EventRounds "10"]
[EventCountry "CAN"]

1. g3 Nf6 2. Bg2 g6 3. b3 Bg7 4. Bb2 d5 5. e3 c5 6. d3 Nc6 7. Ne2 O-O 8. O-O e5 9. f4 exf4 10. Nxf4 d4 11. e4 Bg4 12. Qe1 Nb4 13. Na3 Re8 14. Bc1 Nfd5 15. Qf2 Ne3 16. Re1 g5 17. Nd5 Nxg2 18. Kxg2 Nxd5 19. exd5 Qxd5+ 20. Kg1 Bh3 21. Rxe8+ Rxe8 22. Bd2 Bd7 23. Rf1 Bc6 24. Qxf7+ Qxf7 25. Rxf7 Kxf7 26. Bxg5 Re1+ 27. Kf2 Ra1 28. Nc4 Rxa2 0-1